Nebankové subjekty na trhu platobných služieb diplomová práca

Salvato in:
Dettagli Bibliografici
Autore principale: Béreš, Roland
Ente Autore: Podnikovohospodárska fakulta EU so sídlom v Košiciach. Katedra obchodného podnikania
Altri autori: Bobenič Hintošová, Aneta, 1979-
Natura: Libro
Lingua:slovacco
Pubblicazione: Košice 2025
Tags: Aggiungi Tag
Nessun Tag, puoi essere il primo ad aggiungerne!!

MARC

LEADER 00000nbm a2200000 4500
001 0309106
005 20251118131128.5
041 0 |a slo 
044 |a SK 
245 1 0 |a Nebankové subjekty na trhu platobných služieb  |b diplomová práca  |c Roland Béreš ; školiteľ: Aneta Bobenič Hintošová 
264 1 |a Košice  |c 2025 
300 |a 61 s. 
100 1 |a Béreš, Roland 
700 1 |a Bobenič Hintošová, Aneta, 1979- 
710 2 |a Podnikovohospodárska fakulta EU so sídlom v Košiciach. Katedra obchodného podnikania